Funkce komplexní proměnné a integrální transformace

Podrobná bibliografia
Hlavní autori: Častová, Nina (Autor), Vlček, Jaroslav, 1950- (Autor)
Médium: Kniha
Jazyk:čeština
Fyzický popis:245, [1] s. 29 cm
Vydavateľské údaje: Ostrava Vysoká škola báňská 1992
ISBN:8070781610
Vydanie:1. vyd.

MARC

LEADER 00000nam a2200000 a 4500
001 vtls001138170
003 SK-MaSNL
005 20260301194230.0
008 250414s1992 CS 0 cze
020 |a 8070781610 
035 |a SNK000081023 
040 |a SNK  |b slo  |c SNK  |e AACR2 
041 0 |a cze 
044 |a [CS] 
080 |a 517.53(075.8)  |2 1981 
080 |a 517.44(075.8)  |2 1981 
100 1 |a Častová, Nina  |4 aut  |9 574487 
245 1 0 |a Funkce komplexní proměnné a integrální transformace  |c Nina Častová, Jaroslav Vlček 
250 |a 1. vyd. 
260 |a Ostrava  |b Vysoká škola báňská  |c 1992 
300 |a 245, [1] s.  |c 29 cm 
700 1 |a Vlček, Jaroslav,  |d 1950-  |4 aut  |9 151548 
852 |a Slovenská národná knižnica 
919 |a 80-7078-161-0 
954 |a funkcie komplexnej premennej  |a transformácie integrálne 
999 |c 881055  |d 882985 
952 |t P60, <04>, [BOOK], {604}  |a SNK  |b SNK  |y VYP  |7 0  |p 17A0024643  |o snkIB 68266  |0 0  |1 0  |4 0  |d 1996-12-04  |l 0  |r 2005-01-01 00:00:00  |w 2026-02-24